| 000 | 00570nam a2200205Ia 4500 | ||
|---|---|---|---|
| 005 | 20220715153308.0 | ||
| 008 | 131103s9999 xx 000 0 und d | ||
| 040 | _aLoreto College | ||
| 041 | _aEnglish | ||
| 082 |
_a307.76 _bGHU |
||
| 100 | _aGhurye, G.S. | ||
| 245 |
_aCities and civilization _cG.S.Ghurye |
||
| 260 |
_aBombay _bPopular Prakashan _c1962 |
||
| 300 |
_a306 p. _b ill., fig. |
||
| 504 | _aIncludes index | ||
| 650 | _aCommunities - | ||
| 651 | _aCommunities - Specific kind of communities - Urban Communities - | ||
| 850 | _aLCLIB | ||
| 942 | _cBK | ||
| 999 |
_c1405 _d51884 |
||